[Event "Baku Open 2023"]
[Site "Baku AZE"]
[Date "2023.05.05"]
[Round "2.46"]
[White "Atakishiyev, Elmar"]
[Black "Ilyasli, Ughur"]
[Result "1-0"]
[WhiteTitle "FM"]
[BlackTitle "FM"]
[WhiteElo "2363"]
[BlackElo "2227"]
[WhiteFideId "13410547"]
[BlackFideId "13416197"]
[EventDate "2023.05.04"]

1. Nf3 Nf6 2. g3 g6 3. b3 Bg7 4. Bb2 d5 5. c4 dxc4 6. bxc4 c5 7. Bg2 Nc6 8. O-O
Bg4 9. h3 Be6 10. d3 Qc8 11. Ng5 Bf5 12. e4 Nxe4 13. Bxg7 Nxg5 14. Bxh8 Bxh3 15.
Nd2 Bxg2 16. Kxg2 Qh3+ 17. Kg1 O-O-O 18. Nf3 Nxf3+ 19. Qxf3 Rxh8 20. Qxf7 Rd8
21. Rfe1 Rxd3 22. Rad1 Qd7 23. Rxd3 Qxd3 24. Qxh7 Qxc4 25. Qxg6 Qxa2 26. Qf5+
Kb8 27. Qxc5 a5 28. Qb5 Qd2 29. Rb1 Qd7 30. Rc1 e5 31. Qc5 Qe6 32. Kg2 Qf6 33.
Rc4 Qe6 34. Rh4 Qg6 35. Qb6 Qg7 36. Kg1 Kc8 37. Qb1 Qf8 38. Rh7 Nb4 39. Qe4 Nc6
40. Qb1 Nb4 41. Qb3 Kb8 42. Qc4 Qd6 43. Qb5 Qd1+ 44. Kh2 Qf3 45. Qb6 Qxf2+ 46.
Qxf2 1-0

[Event "Baku Open 2023"]
[Site "Baku AZE"]
[Date "2023.05.06"]
[Round "3.1"]
[White "Suleymanli, Aydin"]
[Black "Niemann, Hans Moke"]
[Result "1/2-1/2"]
[WhiteTitle "GM"]
[BlackTitle "GM"]
[WhiteElo "2560"]
[BlackElo "2706"]
[WhiteFideId "13413937"]
[BlackFideId "2093596"]
[EventDate "2023.05.04"]

1. d4 Nf6 2. c4 e6 3. Nc3 d5 4. Nf3 c6 5. Bg5 h6 6. Bxf6 Qxf6 7. e3 g6 8. Bd3
Bg7 9. O-O O-O 10. e4 dxc4 11. e5 Qe7 12. Bxc4 Nd7 13. Qe2 b5 14. Bd3 Bb7 15.
Ne4 c5 16. Bxb5 cxd4 17. Bxd7 Qxd7 18. Rfd1 Rfd8 19. Rxd4 Qc7 20. Nd6 Bd5 21.
Rad1 Bxa2 22. Nb5 Qb6 23. Rd6 Rxd6 24. Rxd6 Qc5 25. Nc3 Bc4 26. Qe4 Rc8 27. h4
Bf8 28. Qf4 Bb5 29. Rd4 Bg7 30. Kh2 Bc6 31. Rc4 Qxf2 32. Ne4 Qe2 33. Nd6 Kh7 34.
Ne4 Kh8 35. Nf6 Qxb2 36. Ng4 Qb7 37. Nxh6 Bxf3 38. Nxf7+ Kg8 39. Qxf3 Qd7 40.
Rxc8+ Qxc8 41. Ng5 Bxe5+ 42. g3 Qc2+ 43. Kh1 Qf5 44. Qa8+ Qf8 45. Qxa7 Qf1+ 46.
Qg1 Qxg1+ 47. Kxg1 Bxg3 48. Nxe6 Bxh4 49. Nf4 Kf7 50. Nxg6 Kxg6 1/2-1/2

[Event "Baku Open 2023"]
[Site "Baku AZE"]
[Date "2023.05.06"]
[Round "3.2"]
[White "Predke, Alexandr"]
[Black "Aditya, Mittal"]
[Result "1-0"]
[WhiteTitle "GM"]
[BlackTitle "GM"]
[WhiteElo "2685"]
[BlackElo "2505"]
[WhiteFideId "24107581"]
[BlackFideId "35042025"]
[EventDate "2023.05.04"]

1. e4 e5 2. Nf3 Nf6 3. d4 Nxe4 4. Bd3 d5 5. Nxe5 Bd6 6. Nd2 Bxe5 7. dxe5 Nc5 8.
Be2 Nc6 9. Nf3 Bg4 10. Be3 Ne4 11. h3 Bxf3 12. gxf3 d4 13. Bc1 Nc5 14. f4 Qe7
15. Bf3 O-O-O 16. O-O g5 17. fxg5 Nxe5 18. Bg2 f6 19. f4 Nc4 20. Re1 Qd6 21. b3
d3 22. bxc4 d2 23. Bxd2 Qxd2 24. Qxd2 Rxd2 25. Rad1 Rxd1 26. Rxd1 fxg5 27. fxg5
h6 28. h4 hxg5 29. hxg5 b6 30. Rd5 Rg8 31. Kf2 c6 32. Re5 Kd7 33. Kg3 Kd6 34.
Rf5 Ne6 35. Kg4 Nd4 36. Rf6+ Ke5 37. Bxc6 Nxc2 38. Rf3 Rc8 39. Bd5 b5 40. Rf5+
Kd4 41. Rf4+ Kc3 42. g6 Ne3+ 43. Kf3 Nxd5 44. cxd5 Rg8 45. Rg4 b4 46. Ke4 a5 47.
Kf5 a4 48. g7 b3 49. axb3 axb3 50. Kg6 b2 51. Rg1 Rd8 52. Kh7 Rd7 53. Kh8 Rxd5
54. g8=Q Rh5+ 55. Kg7 Rg5+ 56. Rxg5 b1=Q 57. Rc5+ 1-0

[Event "Baku Open 2023"]
[Site "Baku AZE"]
[Date "2023.05.06"]
[Round "3.3"]
[White "Samant, Aditya S"]
[Black "Indjic, Aleksandar"]
[Result "1/2-1/2"]
[WhiteTitle "IM"]
[BlackTitle "GM"]
[WhiteElo "2496"]
[BlackElo "2618"]
[WhiteFideId "35080580"]
[BlackFideId "911925"]
[EventDate "2023.05.04"]

1. e4 c5 2. Nf3 e6 3. d4 cxd4 4. Nxd4 a6 5. c4 Nf6 6. Nc3 Qc7 7. Be2 Bb4 8. Qd3
O-O 9. O-O Nc6 10. Nxc6 dxc6 11. Bg5 Be7 12. Qg3 Qxg3 13. hxg3 e5 14. Be3 b5 15.
f3 Be6 16. Rfc1 Rfc8 17. c5 Nd7 18. b4 1/2-1/2

[Event "Baku Open 2023"]
[Site "Baku AZE"]
[Date "2023.05.06"]
[Round "3.4"]
[White "Gokerkan, Cem Kaan"]
[Black "Mendonca, Leon Luke"]
[Result "1/2-1/2"]
[WhiteTitle "IM"]
[BlackTitle "GM"]
[WhiteElo "2489"]
[BlackElo "2596"]
[WhiteFideId "6336760"]
[BlackFideId "35028561"]
[EventDate "2023.05.04"]

1. e4 c5 2. Nf3 d6 3. Bb5+ Nd7 4. d4 cxd4 5. Nxd4 Nf6 6. O-O g6 7. Re1 Bg7 8.
Bf1 Nc5 9. Nc3 O-O 10. Nb3 Nfd7 11. Bg5 h6 12. Be3 b6 13. Qd2 Kh7 14. Bd4 Bb7
15. Bxg7 Kxg7 16. Re3 Rc8 17. Nd4 Nf6 18. Rae1 a6 19. Rg3 e6 20. Bd3 Nh5 21. Rg4
Qf6 22. Qe3 Kh7 23. Nde2 b5 24. a3 e5 25. f4 Ne6 26. g3 Nc5 27. Rf1 Qe7 28. Rh4
Rce8 29. Rh3 d5 30. fxe5 dxe4 31. Nf4 exd3 32. Nxh5 gxh5 33. Rxh5 Qe6 34. Qxc5
dxc2 35. Qf2 Qg6 36. Rf5 Re7 37. Rf6 Qd3 38. Qf4 Kg8 39. Qg4+ Kh7 40. Qf4 Kg8
41. Qg4+ Kh7 42. Rxh6+ Kxh6 43. Rf6+ Kh7 44. Qh5+ Kg8 45. Qg5+ Kh8 46. Qh6+ Kg8
47. Qg5+ Kh8 48. Rh6+ Qh7 49. Rxh7+ Kxh7 50. Qf5+ Kg8 51. Qg5+ Kh7 1/2-1/2

[Event "Baku Open 2023"]
[Site "Baku AZE"]
[Date "2023.05.06"]
[Round "3.5"]
[White "Harsha, Bharathakoti"]
[Black "Chanda, Sandipan"]
[Result "1/2-1/2"]
[WhiteTitle "GM"]
[BlackTitle "GM"]
[WhiteElo "2608"]
[BlackElo "2460"]
[WhiteFideId "5078776"]
[BlackFideId "5004225"]
[EventDate "2023.05.04"]

1. d4 f5 2. Nc3 Nf6 3. Bf4 e6 4. g4 Nxg4 5. e4 d5 6. Nb5 e5 7. dxe5 Bc5 8. Nh3
c6 9. Nd6+ Bxd6 10. exd6 fxe4 11. Rg1 h5 12. f3 Qh4+ 13. Bg3 Qf6 14. fxg4 Bxg4
15. Qc1 Nd7 16. Qg5 O-O-O 17. Qxf6 gxf6 18. Nf2 Ne5 19. Bxe5 fxe5 20. Nxg4 hxg4
21. Rg2 Rxd6 22. Be2 g3 23. Bg4+ Kc7 24. h3 Rf6 25. Rxg3 d4 26. Ke2 Rhf8 27. Rg2
e3 28. Kd3 c5 29. Bh5 b5 30. b3 Rf4 31. Bg6 Rf2 32. Rag1 Rh8 33. Rxf2 exf2 34.
Rf1 Rxh3+ 35. Kd2 Rg3 36. Bh7 Rh3 37. Bd3 c4 38. bxc4 bxc4 39. Bxc4 e4 40. Ke2
e3 41. Kd3 Rg3 42. Ke4 e2 43. Bxe2 Re3+ 44. Kxd4 Rxe2 45. Kd3 Re5 46. Rxf2 Ra5
47. c3 Ra4 48. c4 Ra3+ 49. Kd4 Kc6 50. Rh2 Kd6 51. Rh6+ Kc7 52. Rh2 Kd6 53. c5+
Kc6 54. Rh6+ Kc7 55. Kd5 Rxa2 56. Rh7+ Kb8 57. Kd6 Rd2+ 58. Kc6 Rd8 59. Rb7+ Ka8
60. Rd7 Rc8+ 61. Kd6 Kb8 62. c6 Rh8 63. Rb7+ Kc8 64. Rxa7 Rh6+ 65. Kc5 Rh1 1/2-1/2

[Event "Baku Open 2023"]
[Site "Baku AZE"]
[Date "2023.05.06"]
[Round "3.6"]
[White "Sadikhov, Ulvi"]
[Black "Asadli, Vugar"]
[Result "1/2-1/2"]
[WhiteTitle "GM"]
[BlackTitle "GM"]
[WhiteElo "2489"]
[BlackElo "2584"]
[WhiteFideId "13401416"]
[BlackFideId "13405764"]
[EventDate "2023.05.04"]

1. c4 Nf6 2. Nf3 e6 3. g3 d5 4. Bg2 dxc4 5. Qa4+ Nbd7 6. Qxc4 a6 7. Qc2 c5 8.
Nc3 Qc7 9. O-O b6 10. d4 Bb7 11. dxc5 Bxc5 12. Bf4 Bd6 13. Bxd6 Qxd6 14. Rfd1
Qc7 15. Rac1 Rc8 16. Qb1 Qb8 17. Nd2 Bxg2 18. Kxg2 O-O 19. Nde4 1/2-1/2

[Event "Baku Open 2023"]
[Site "Baku AZE"]
[Date "2023.05.06"]
[Round "3.7"]
[White "Pantsulaia, Levan"]
[Black "Ilamparthi, A R"]
[Result "1-0"]
[WhiteTitle "GM"]
[BlackTitle "IM"]
[WhiteElo "2597"]
[BlackElo "2408"]
[WhiteFideId "13602071"]
[BlackFideId "45015775"]
[EventDate "2023.05.04"]

1. c4 e5 2. Nc3 Nf6 3. Nf3 e4 4. Ng5 c6 5. Qa4 Qe7 6. Qc2 b5 7. cxb5 d5 8. e3 h6
9. Nh3 c5 10. d3 Nbd7 11. dxe4 dxe4 12. Nf4 Bb7 13. Bc4 Ne5 14. Ncd5 Nxd5 15.
Bxd5 Nd3+ 16. Nxd3 exd3 17. Qc4 Rd8 18. Bxb7 Qxb7 19. Bd2 Qxg2 20. O-O-O h5 21.
Rhg1 Qxh2 22. Qe4+ Be7 23. Bc3 Rg8 24. Bxg7 Rd7 1-0

[Event "Baku Open 2023"]
[Site "Baku AZE"]
[Date "2023.05.06"]
[Round "3.8"]
[White "Samadov, Read"]
[Black "Korobov, Anton"]
[Result "0-1"]
[WhiteTitle "IM"]
[BlackTitle "GM"]
[WhiteElo "2469"]
[BlackElo "2664"]
[WhiteFideId "13417444"]
[BlackFideId "14105730"]
[EventDate "2023.05.04"]

1. d4 d5 2. c4 e6 3. Nf3 Nf6 4. g3 dxc4 5. Bg2 Bb4+ 6. Bd2 a5 7. Qc2 b6 8. Ne5
Ra7 9. Bxb4 axb4 10. Qxc4 Qd6 11. Nd3 Ba6 12. Qxb4 Bxd3 13. Qxd6 cxd6 14. exd3
d5 15. Na3 Nc6 16. Nc2 Kd7 17. Kd2 Rc8 18. b4 Ne8 19. g4 Nd6 20. Ke3 Rca8 21. a3
Nb5 22. Rhb1 g5 23. Rb3 Ra4 24. h4 gxh4 25. Rh1 Nxa3 26. Ne1 Nb5 27. Nf3 Ra1 28.
Rxh4 R8a2 29. g5 Ke8 30. Rh1 Rxh1 31. Bxh1 Ra4 32. Rb1 Rxb4 33. Rc1 Nbxd4 34.
Nd2 Rb2 35. Rc3 b5 0-1

[Event "Baku Open 2023"]
[Site "Baku AZE"]
[Date "2023.05.06"]
[Round "3.9"]
[White "Petriashvili, Nikoloz"]
[Black "Abasov, Nijat"]
[Result "0-1"]
[WhiteTitle "IM"]
[BlackTitle "GM"]
[WhiteElo "2432"]
[BlackElo "2634"]
[WhiteFideId "13611216"]
[BlackFideId "13402960"]
[EventDate "2023.05.04"]

1. Nf3 Nf6 2. g3 c5 3. c4 Nc6 4. Bg2 d5 5. cxd5 Nxd5 6. Nc3 Nc7 7. a3 g6 8. b4
cxb4 9. axb4 Bg7 10. Qa4 a6 11. O-O O-O 12. Ba3 b5 13. Qc2 a5 14. Qe4 Qd6 15.
Rac1 axb4 16. Bxb4 Nxb4 17. Nxb5 Qd5 18. Qxb4 Qxb5 19. Qxe7 Ne6 20. e3 Ra2 21.
d4 Re8 22. Qh4 Ba6 23. Ra1 Qa5 24. Rxa2 Qxa2 25. Rd1 Be2 26. Rc1 Qb2 27. Re1
Bxf3 28. Bxf3 Nxd4 29. Bg2 Qb4 0-1

[Event "Baku Open 2023"]
[Site "Baku AZE"]
[Date "2023.05.06"]
[Round "3.10"]
[White "Sethuraman, S.P."]
[Black "Urazayev, Arystanbek"]
[Result "1-0"]
[WhiteTitle "GM"]
[BlackTitle "IM"]
[WhiteElo "2639"]
[BlackElo "2460"]
[WhiteFideId "5021596"]
[BlackFideId "13709810"]
[EventDate "2023.05.04"]

1. d4 Nf6 2. c4 e6 3. Nf3 d5 4. g3 Bb4+ 5. Bd2 a5 6. Bg2 O-O 7. O-O dxc4 8. e3
Ra6 9. Ne5 b5 10. a4 c6 11. Nc3 Rb6 12. Qe2 Nfd7 13. f4 Bb7 14. Ne4 Qe7 15. Qe1
f6 16. Nxd7 Nxd7 17. Bxb4 axb4 18. a5 Ra6 19. Nc5 Nxc5 20. Qxb4 Rfa8 21. Rfd1
Qc7 22. dxc5 Rxa5 23. Rxa5 Rxa5 24. Rd6 Ra1+ 25. Kf2 Kf8 26. Qd2 Ke7 27. Qd4 Bc8
28. Bxc6 Ra6 29. Bd7 c3 30. Qxc3 1-0

[Event "Baku Open 2023"]
[Site "Baku AZE"]
[Date "2023.05.06"]
[Round "3.11"]
[White "Safarli, Eltaj"]
[Black "Erdogmus, Yagiz Kaan"]
[Result "1-0"]
[WhiteTitle "GM"]
[BlackTitle "IM"]
[WhiteElo "2601"]
[BlackElo "2454"]
[WhiteFideId "13402129"]
[BlackFideId "44599790"]
[EventDate "2023.05.04"]

1. e4 c5 2. Nf3 e6 3. g3 Nc6 4. Bg2 Nf6 5. Qe2 e5 6. O-O Be7 7. d3 h6 8. Nbd2
O-O 9. Nc4 d6 10. c3 Be6 11. Ne3 Re8 12. Nh4 d5 13. exd5 Nxd5 14. Nxd5 Bxh4 15.
Ne3 Be7 16. Be4 Qd7 17. Qf3 Bf8 18. h4 Rab8 19. g4 Ne7 20. h5 b6 21. Kh2 f6 22.
Rg1 Rbd8 23. a4 a6 24. Nf5 Kh8 25. Be3 Nxf5 26. gxf5 Bf7 27. Rg3 a5 28. Rag1
Qxa4 29. Qg2 Qb3 30. Rxg7 Re7 31. c4 1-0

[Event "Baku Open 2023"]
[Site "Baku AZE"]
[Date "2023.05.06"]
[Round "3.12"]
[White "Prraneeth, Vuppala"]
[Black "Sanal, Vahap"]
[Result "1-0"]
[WhiteTitle "IM"]
[BlackTitle "GM"]
[WhiteElo "2437"]
[BlackElo "2582"]
[WhiteFideId "46622373"]
[BlackFideId "6300545"]
[EventDate "2023.05.04"]

1. d4 d5 2. c4 c6 3. Nf3 Nf6 4. Nc3 e6 5. Bg5 Be7 6. e3 h6 7. Bh4 b6 8. Bd3 Bb7
9. O-O Nbd7 10. cxd5 Nxd5 11. Nxd5 exd5 12. Bxe7 Qxe7 13. Qc2 O-O 14. Bh7+ Kh8
15. Bf5 Nf6 16. Rfc1 g6 17. Bxg6 fxg6 18. Ne5 Qe6 19. Nxg6+ Kg7 20. Nxf8 Rxf8
21. Re1 h5 22. f3 Re8 23. a4 Re7 24. a5 Kf8 25. axb6 axb6 26. Ra7 Rg7 27. e4 h4
28. e5 Nh5 29. f4 Nxf4 30. Rf1 Qh6 31. Qf2 Rf7 32. Kh1 Kg8 33. g3 hxg3 34. Qxg3+
Kh8 35. Rxb7 Rxb7 1-0

[Event "Baku Open 2023"]
[Site "Baku AZE"]
[Date "2023.05.06"]
[Round "3.13"]
[White "Romanov, Evgeny"]
[Black "Nigmatov, Ortik"]
[Result "1/2-1/2"]
[WhiteTitle "GM"]
[BlackTitle "IM"]
[WhiteElo "2578"]
[BlackElo "2473"]
[WhiteFideId "4148843"]
[BlackFideId "14202131"]
[EventDate "2023.05.04"]

1. d4 Nf6 2. Nf3 e6 3. c4 d5 4. Nc3 Bb4 5. Qa4+ Nc6 6. e3 O-O 7. Bd2 dxc4 8.
Bxc4 Bd6 9. Qc2 e5 10. dxe5 Nxe5 11. Nxe5 Bxe5 12. h3 Re8 13. O-O Qe7 14. Bd3
Bd7 15. f4 Bxc3 16. Bxc3 Qxe3+ 17. Kh2 Bc6 18. Rae1 Qb6 19. Bxf6 gxf6 20. Bxh7+
Kg7 21. Bd3 Rxe1 22. Rxe1 Qd4 23. Qc4 Rd8 24. Re7 Qxc4 25. Bxc4 Rd2 26. Rxf7+
Kg6 27. f5+ Kxf5 28. Rg7 1/2-1/2

[Event "Baku Open 2023"]
[Site "Baku AZE"]
[Date "2023.05.06"]
[Round "3.14"]
[White "Mustafayev, Farid"]
[Black "Iskandarov, Misratdin"]
[Result "0-1"]
[WhiteTitle "FM"]
[BlackTitle "GM"]
[WhiteElo "2316"]
[BlackElo "2592"]
[WhiteFideId "13408771"]
[BlackFideId "13400312"]
[EventDate "2023.05.04"]

1. c4 e5 2. Nc3 Bb4 3. g3 Bxc3 4. bxc3 Nc6 5. Bg2 Nge7 6. Nf3 d6 7. d3 O-O 8.
Rb1 Rb8 9. O-O h6 10. Nd2 Bg4 11. h3 Be6 12. d4 exd4 13. cxd4 Nxd4 14. Bb2 Ndc6
15. Qc2 f6 16. Rfd1 Qe8 17. e4 Qh5 18. g4 Qc5 19. Rbc1 h5 20. e5 Nxe5 21. Ne4
Qxc4 22. Qd2 Qxa2 23. Rxc7 Nd5 24. Rc2 Nc4 25. Qd4 Nxb2 26. Rxb2 Qa3 27. Rd3 Qa5
28. Nd2 Nb6 29. gxh5 Qxh5 30. Qxd6 Bf7 31. Rg3 Qe5 32. Qxe5 fxe5 33. Rb5 Rbd8
34. Ne4 Bd5 35. Ra3 Bc6 36. Rb1 Rd4 37. Nc5 Bxg2 38. Kxg2 Rd2 39. Rf3 Rc8 40.
Nxb7 e4 41. Re3 Rf8 42. Rf1 Rf4 43. Kg3 Nd5 44. Ra3 e3 45. f3 Rf6 0-1

[Event "Baku Open 2023"]
[Site "Baku AZE"]
[Date "2023.05.06"]
[Round "3.15"]
[White "Petrov, Nikita"]
[Black "Madaminov, Mukhiddin"]
[Result "1-0"]
[WhiteTitle "GM"]
[BlackTitle "IM"]
[WhiteElo "2547"]
[BlackElo "2436"]
[WhiteFideId "4101286"]
[BlackFideId "14210703"]
[EventDate "2023.05.04"]

1. e4 e5 2. Nf3 Nf6 3. d4 Nxe4 4. Bd3 Nc6 5. d5 Nf6 6. Nc3 Nb4 7. Nxe5 Nxd3+ 8.
Nxd3 Be7 9. Qf3 O-O 10. Bd2 d6 11. h3 Nd7 12. O-O-O Ne5 13. Qe4 Nxd3+ 14. Qxd3
c5 15. Rhe1 Re8 16. Re2 Bd7 17. Rde1 Bf8 18. Rxe8 Bxe8 19. Ne4 h6 20. g4 Bd7 21.
g5 h5 22. Qf3 Qc8 23. Qxh5 Bf5 24. Ng3 b5 25. f4 Bh7 26. Qg4 Qa6 27. Kb1 Qb7 28.
Qf3 b4 29. f5 Qb5 30. Qg4 g6 31. Ne4 Bg7 32. Nf6+ Bxf6 33. gxf6 Re8 34. Re7 Qf1+
35. Bc1 Rf8 36. Rxa7 Kh8 37. Qf4 Qxh3 38. Qxd6 Rg8 39. Rxf7 Qxf5 40. Qe7 g5 41.
Rxh7+ 1-0

[Event "Baku Open 2023"]
[Site "Baku AZE"]
[Date "2023.05.06"]
[Round "3.16"]
[White "Samunenkov, Ihor"]
[Black "Kilic, Eray"]
[Result "1-0"]
[WhiteTitle "IM"]
[BlackTitle "FM"]
[WhiteElo "2501"]
[BlackElo "2418"]
[WhiteFideId "14187086"]
[BlackFideId "44517173"]
[EventDate "2023.05.04"]

1. d4 Nf6 2. c4 g6 3. Nf3 Bg7 4. g3 O-O 5. Bg2 d5 6. cxd5 Nxd5 7. O-O Nb6 8. Nc3
Nc6 9. e3 Re8 10. h3 e5 11. d5 Na5 12. Qc2 Nac4 13. Rd1 Bd7 14. a4 a5 15. e4 Qc8
16. Kh2 Nd6 17. b3 c5 18. dxc6 Qxc6 19. Qd3 Be6 20. Ba3 Bxb3 21. Rdb1 Nxe4 22.
Nxe4 Bc2 23. Rxb6 Bxd3 24. Rxc6 Bxe4 25. Rcc1 Bxf3 26. Bxf3 e4 27. Be2 Bxa1 28.
Rxa1 Rac8 29. Bc1 Rc2 30. Bb5 Rd8 31. Be3 Rd6 32. Kg2 Kg7 33. Rb1 b6 34. Re1 h6
35. Bf4 Re6 36. h4 Re7 37. Kg1 Re6 38. Rd1 Rc5 39. Be3 Rc7 40. Rd8 Rb7 41. Bc4
Ree7 42. Bd4+ f6 43. Rd6 Red7 44. Bxf6+ Kf8 45. Re6 Rbc7 46. Rxe4 1-0

[Event "Baku Open 2023"]
[Site "Baku AZE"]
[Date "2023.05.06"]
[Round "3.17"]
[White "Makhnev, Denis"]
[Black "Lortkipanidze, Nodar"]
[Result "1/2-1/2"]
[WhiteTitle "GM"]
[BlackTitle "IM"]
[WhiteElo "2483"]
[BlackElo "2406"]
[WhiteFideId "13707647"]
[BlackFideId "13604058"]
[EventDate "2023.05.04"]

1. d4 d5 2. Nf3 Nf6 3. c4 dxc4 4. e3 g6 5. Bxc4 Bg7 6. O-O O-O 7. Nc3 Ne8 8. h3
Nd6 9. Bb3 b5 10. a4 b4 11. Nd5 Na6 12. Bd2 c5 13. dxc5 Ne4 14. Bxb4 Nxb4 15.
Nxb4 Qxd1 16. Bxd1 Rb8 17. Nc6 Rxb2 18. Nxe7+ Kh8 19. Nxc8 Rxc8 20. Nd4 Rxc5 21.
Bf3 Nd2 22. Rfc1 Bxd4 23. exd4 Nxf3+ 24. gxf3 Rf5 25. Rc3 Rd2 26. a5 Rxd4 27.
Rc7 a6 28. Rc6 Rxf3 29. Kg2 Rdd3 30. Rxa6 Rxh3 31. Rb6 Ra3 32. Rbb1 Rhb3 33. Re1
Kg7 34. a6 Rxa1 35. Rxa1 Rb8 36. a7 Ra8 37. Kf3 Kf6 38. Kf4 g5+ 39. Kg3 h5 40.
f4 Kg6 1/2-1/2

[Event "Baku Open 2023"]
[Site "Baku AZE"]
[Date "2023.05.06"]
[Round "3.18"]
[White "Balajayeva, Khanim"]
[Black "Raja, Rithvik R"]
[Result "1/2-1/2"]
[WhiteTitle "WGM"]
[BlackTitle "GM"]
[WhiteElo "2327"]
[BlackElo "2472"]
[WhiteFideId "13406396"]
[BlackFideId "35007394"]
[EventDate "2023.05.04"]

1. e4 c5 2. Nf3 d6 3. d4 cxd4 4. Nxd4 Nf6 5. Nc3 a6 6. Be3 e5 7. Nf3 Be7 8. Bc4
O-O 9. O-O Nc6 10. Bb3 h6 11. Qe2 Na5 12. Rfd1 Nxb3 13. axb3 Qe8 14. Nd2 b5 15.
f3 Bb7 16. Nf1 b4 17. Na4 d5 18. exd5 Nxd5 19. Nc5 Bc6 20. Bf2 a5 21. Nd2 Qb8
22. Nd3 f6 23. f4 Bd6 24. Nc4 Bc7 25. fxe5 Re8 26. Bg3 Qb5 27. Re1 a4 28. Qg4
axb3 29. Rxa8 Bxa8 30. cxb3 Qc6 1/2-1/2

[Event "Baku Open 2023"]
[Site "Baku AZE"]
[Date "2023.05.06"]
[Round "3.19"]
[White "Sanikidze, Tornike"]
[Black "Shahaliyev, Ismayil"]
[Result "1-0"]
[WhiteTitle "GM"]
[BlackTitle "IM"]
[WhiteElo "2475"]
[BlackElo "2400"]
[WhiteFideId "13602608"]
[BlackFideId "13406388"]
[EventDate "2023.05.04"]

1. e4 e6 2. d4 d5 3. Nc3 Bb4 4. e5 Qd7 5. Qg4 f5 6. Qg3 b6 7. h4 Nc6 8. Bb5 Bb7
9. a3 Bf8 10. Nf3 O-O-O 11. Ne2 Nh6 12. b4 Ng4 13. Ng5 a6 14. Bd3 h6 15. Nh3 g5
16. hxg5 hxg5 17. Bxg5 Be7 18. Bxe7 Nxe7 19. Qf4 c5 20. c3 Ng6 21. Qd2 N6xe5 22.
dxe5 Nxe5 23. O-O-O Qa4 24. Qb2 Nxd3+ 25. Rxd3 e5 26. Rhd1 Rhg8 27. f4 e4 28.
Rg3 a5 29. Rxg8 Rxg8 30. Ng5 axb4 31. axb4 Qc6 32. bxc5 bxc5 33. Rh1 Ba6 34. Nf7
Qa4 35. Rh7 1-0

[Event "Baku Open 2023"]
[Site "Baku AZE"]
[Date "2023.05.06"]
[Round "3.20"]
[White "Nogerbek, Kazybek"]
[Black "Beydullayeva, Govhar"]
[Result "1-0"]
[WhiteTitle "IM"]
[BlackTitle "WGM"]
[WhiteElo "2474"]
[BlackElo "2375"]
[WhiteFideId "13710427"]
[BlackFideId "13413015"]
[EventDate "2023.05.04"]

1. d4 Nf6 2. Nf3 d5 3. c4 e6 4. Nc3 Be7 5. Bf4 O-O 6. a3 b6 7. cxd5 exd5 8. e3
c5 9. Bd3 Ba6 10. Bxa6 Nxa6 11. O-O Qd7 12. Ne5 Qb7 13. Ng4 Rfd8 14. Nxf6+ Bxf6
15. Nb5 Qd7 16. Qe2 c4 17. Nc3 Nc7 18. Bxc7 Qxc7 19. b3 cxb3 20. Qb2 Rac8 21.
Rfc1 Qc4 22. Rab1 Kf8 23. g3 h5 24. Ne2 Qb5 25. Nc3 Qc4 26. Qxb3 Qxb3 27. Rxb3
Rc4 28. Rcb1 Ke7 29. Kf1 Ke6 30. Ke2 Rdc8 31. Kd3 g6 32. h3 Bd8 33. g4 h4 34. f3
b5 35. e4 dxe4+ 36. fxe4 a6 37. Nd5 Rc2 38. R3b2 Rxb2 39. Rxb2 Rc1 40. Rc2 Rd1+
41. Rd2 Ra1 42. Nf4+ Kd7 43. e5 Rxa3+ 44. Ke4 b4 45. Nd3 b3 46. Nc5+ Kc6 47. Rb2
Ra2 48. Rxb3 Re2+ 49. Kd3 Rh2 50. Kc4 Rc2+ 51. Rc3 Rxc3+ 52. Kxc3 Kd5 53. Kd3
Bb6 54. Nxa6 Bxd4 55. Nb4+ Kc5 56. Ke4 Ba1 57. Nd3+ Kc6 58. e6 f6 59. Nf4 Kd6
60. Nxg6 Kxe6 61. Nxh4 Be5 62. Ng6 Bc3 63. Nf4+ Kf7 64. Kf5 Be1 65. Ng2 Bf2 66.
h4 Bg3 67. h5 Bd6 68. Nf4 Bf8 69. Nd5 Bg7 70. Nc3 Bf8 71. Ne4 Be7 72. h6 Bf8 73.
h7 Kg7 74. Nxf6 Kh8 75. Kg6 Ba3 76. Ne4 Be7 77. Ng5 Bxg5 78. Kxg5 1-0

[Event "Baku Open 2023"]
[Site "Baku AZE"]
[Date "2023.05.06"]
[Round "3.21"]
[White "Mamedov, Rauf"]
[Black "Mammadova, Gulnar"]
[Result "1-0"]
[WhiteTitle "GM"]
[BlackTitle "IM"]
[WhiteElo "2646"]
[BlackElo "2349"]
[WhiteFideId "13401653"]
[BlackFideId "13403508"]
[EventDate "2023.05.04"]

1. e4 e6 2. d4 d5 3. e5 c5 4. c3 Qb6 5. Nf3 Bd7 6. Bd3 cxd4 7. O-O Nc6 8. Nbd2
dxc3 9. bxc3 Nge7 10. Nb3 Ng6 11. Re1 Be7 12. Nbd4 a6 13. Rb1 Qc7 14. Qe2 Na5
15. g3 b5 16. h4 h6 17. h5 Nf8 18. Nb3 Nc4 19. Nfd4 Rg8 20. a4 f5 21. Nd2 Rb8
22. axb5 axb5 23. Ra1 Nh7 24. Nxc4 bxc4 25. Bxf5 exf5 26. e6 Bc8 27. Nxf5 Rb6
28. Bf4 Qb7 29. Qc2 Nf8 30. Qa4+ Qc6 31. Qa7 Rb7 32. Qa8 Rb6 33. Ra7 Bc5 34. Bd6
Ra6 35. Re7+ Kd8 36. Rc7 Qxc7 37. e7+ Qxe7 38. Bxe7+ Kc7 39. Qxd5 Ne6 40. Bxc5 1-0

[Event "Baku Open 2023"]
[Site "Baku AZE"]
[Date "2023.05.06"]
[Round "3.22"]
[White "Gareyev, Timur"]
[Black "Garayev, Kanan"]
[Result "1/2-1/2"]
[WhiteTitle "GM"]
[BlackTitle "IM"]
[WhiteElo "2602"]
[BlackElo "2346"]
[WhiteFideId "14200937"]
[BlackFideId "13406671"]
[EventDate "2023.05.04"]

1. d4 d5 2. c4 e6 3. Nc3 c5 4. cxd5 exd5 5. Nf3 Nc6 6. g3 Nf6 7. Bg2 cxd4 8.
Nxd4 Bc5 9. Nxc6 bxc6 10. O-O O-O 11. Na4 Bb6 12. Qd3 Re8 13. Bf4 Qe7 14. Rfe1
Ba5 15. Bd2 Bf5 16. Qxf5 Bxd2 17. Red1 Qxe2 18. Qc2 Bh6 19. Qxe2 Rxe2 20. Bf1
Re7 21. Rd3 Ne4 22. Rad1 Rae8 23. b4 a5 24. b5 cxb5 25. Nb6 d4 26. Nd5 Rb7 27.
Rxd4 Nf6 28. Nxf6+ gxf6 29. Rg4+ Kf8 30. Rd5 Re5 31. Rd8+ Re8 32. Rxe8+ Kxe8 33.
Rh4 Bd2 34. Rxh7 b4 35. Rh8+ Ke7 36. Ra8 Rc7 37. Bb5 Rc1+ 38. Kg2 Rc2 39. Ra7+
Kf8 40. Rxa5 Be3 41. Kf3 Bxf2 42. Bd3 Rd2 43. Bf5 Be1 44. Ra8+ Kg7 45. Ra7 1/2-1/2